|
|
|
|
| LEADER |
01062nam a22002417a 4500 |
| 001 |
AAL8322 |
| 003 |
BD-DhAAL |
| 005 |
20161002115014.0 |
| 008 |
161002s 2000bg a|||| |||| 00| 0 ben d |
| 020 |
|
|
|a 9840740539
|
| 040 |
|
|
|a BD-DhAAL
|c BD-DhAAL
|
| 082 |
|
|
|a 491.4404
|
| 245 |
|
|
|a একুশের স্মারকগ্রন্থ ২০০০ /
|c সম্পাদনা সেলিনা হোসেন, নূরুল ইসলাম মোবারক
|
| 260 |
|
|
|a ঢাকা :
|b বাংলা একাডেমী,
|c ২০০০
|
| 300 |
|
|
|a ২২৮ পৃ. :
|b চিত্র ;
|c ২২ সে.মি.
|
| 541 |
|
|
|e 8322
|
| 650 |
|
|
|a Bengali Language
|9 20489
|
| 700 |
|
|
|a হোসেন, সেলিনা
|9 20490
|
| 700 |
|
|
|a মোবারক, নূরুল ইসলাম
|9 20491
|
| 852 |
|
|
|a Savar Campus Library
|c General Shelf
|
| 942 |
|
|
|2 ddc
|c BK
|
| 999 |
|
|
|c 37841
|d 37841
|
| 952 |
|
|
|0 0
|1 0
|2 ddc
|4 0
|6 491_440400000000000_EKU
|7 0
|9 59663
|a SCL
|b SCL
|c GEN
|d 2016-10-02
|g 90.00
|l 0
|o 491.4404 EKU
|p 3020008322
|r 2016-10-02
|t 1
|w 2016-10-02
|y BK
|